[Event "Remco Heite rap op"]
[Site "Wolvega"]
[Date "2012.11.18"]
[Round "7"]
[White "Slingerland, Fred"]
[Black "Nijboer, Friso"]
[Result "1/2-1/2"]
[WhiteElo "2336"]
[BlackElo "2527"]
[PlyCount "78"]
[EventDate "2012.11.17"]
[EventType "swiss"]
[EventRounds "9"]
[EventCountry "NED"]
[SourceTitle "OM OTB B 201907"]
[Source "Opening Master"]
[SourceDate "2019.07.06"]
[SourceVersion "2"]
[SourceVersionDate "2019.07.06"]
[SourceQuality "1"]

1. e4 c5 2. Nf3 Nc6 3. d4 cxd4 4. Nxd4 Nf6 5. Nc3 d6 6. Be2 e5 7. Nf3 h6 8. O-O
Be7 9. h3 O-O 10. Re1 Be6 11. Bf1 Qa5 12. a3 Rac8 13. Be3 Qd8 14. Bc1 Nb8 15.
Nd5 Nxd5 16. exd5 Bf5 17. c4 Nd7 18. b4 Bf6 19. Bb2 Re8 20. Nd2 e4 21. Qb3 Bg6
22. Rac1 a6 23. Bxf6 Qxf6 24. Qc3 Qg5 25. Qe3 f5 26. Qxg5 hxg5 27. Nb3 Bf7 28.
Be2 g6 29. Red1 Re5 30. Na5 Rc7 31. c5 Rxd5 32. Rxd5 Bxd5 33. Rd1 Nf6 34. cxd6
Rd7 35. Rxd5 Nxd5 36. Bc4 Rxd6 37. Nxb7 Rd7 38. Nc5 Rd6 39. Nb7 Rd7 1/2-1/2

[Event "HUN-chT2 Erkel 1213"]
[Site "Hungary"]
[Date "2012.11.18"]
[Round "4.7"]
[White "Szilvasi, Tibor"]
[Black "Sillye, Kalman"]
[Result "0-1"]
[WhiteElo "2215"]
[BlackElo "2114"]
[PlyCount "108"]
[EventDate "2012.09.16"]
[EventType "team-tourn"]
[EventRounds "11"]
[EventCountry "HUN"]
[SourceTitle "OM OTB B 201907"]
[Source "Opening Master"]
[SourceDate "2019.07.06"]
[SourceVersion "2"]
[SourceVersionDate "2019.07.06"]
[SourceQuality "1"]

1. e4 c5 2. Nf3 Nc6 3. d4 cxd4 4. Nxd4 Nf6 5. Nc3 d6 6. Be2 e5 7. Nb3 Be7 8.
O-O a5 9. Bb5 O-O 10. h3 Be6 11. Re1 Qc7 12. Bg5 Rfd8 13. Bxf6 Bxf6 14. Nd5
Bxd5 15. exd5 Ne7 16. a4 Rdc8 17. c3 Ng6 18. g3 Nf8 19. Nd2 g6 20. Ne4 Bg7 21.
g4 f5 22. Ng3 Qf7 23. gxf5 gxf5 24. Qh5 Qxh5 25. Nxh5 Rc7 26. f3 Ng6 27. Bd3
Rf8 28. Kh1 Bh6 29. Rg1 Kh8 30. Ng3 Nh4 31. Rgf1 Rg7 32. Ne2 Be3 33. b4 axb4
34. cxb4 Rfg8 35. Ra2 Rg2 36. Rc2 h5 37. a5 R2g7 38. b5 Bc5 39. a6 bxa6 40.
bxa6 Rb8 41. Rc4 f4 42. Rc2 Rb3 43. Nc1 Rb8 44. Kh2 Rbg8 45. Be4 Bg1+ 46. Rxg1
Rxg1 47. a7 R1g7 48. Ra2 Ra8 49. Ra6 Rd7 50. Nd3 Raxa7 51. Nxe5 dxe5 52. Rh6+
Kg8 53. d6 Ra2+ 54. Kg1 Rd2 0-1

[Event "Oberliga NRW 1213"]
[Site "Germany"]
[Date "2012.11.18"]
[Round "3.8"]
[White "Imcke, Patrick"]
[Black "Koerber, Matthias"]
[Result "1/2-1/2"]
[WhiteElo "1998"]
[BlackElo "2060"]
[PlyCount "51"]
[EventDate "2012.09.16"]
[EventType "team-tourn"]
[EventRounds "9"]
[EventCountry "GER"]
[SourceTitle "OM OTB B 201907"]
[Source "Opening Master"]
[SourceDate "2019.07.06"]
[SourceVersion "2"]
[SourceVersionDate "2019.07.06"]
[SourceQuality "1"]
[WhiteTeam "Katernberg II"]
[BlackTeam "Bochum Wattenscheid II"]
[WhiteTeamCountry "GER"]
[BlackTeamCountry "GER"]

1. e4 c5 2. Nf3 d6 3. Nc3 Nf6 4. d4 cxd4 5. Nxd4 Nc6 6. Be2 e5 7. Nb3 Be7 8.
Bg5 O-O 9. Bxf6 Bxf6 10. O-O Be6 11. Nd5 Bg5 12. c3 Rc8 13. Qd3 Ne7 14. Nxe7+
Qxe7 15. Rfd1 Rfd8 16. Bf3 Bc4 17. Qc2 Qe6 18. Na5 Ba6 19. Qa4 Be7 20. Rd5 Rc5
21. Rad1 Bb5 22. Qb4 Rxd5 23. exd5 Qd7 24. Bg4 Qe8 25. c4 Bd7 26. Bxd7 1/2-1/2

[Event "Wch U10"]
[Site "Maribor"]
[Date "2012.11.17"]
[Round "10.14"]
[White "Saurabh, Anand"]
[Black "Vokhidov, Shamsiddin"]
[Result "0-1"]
[WhiteElo "1872"]
[BlackElo "1832"]
[PlyCount "113"]
[EventDate "2012.11.08"]
[EventType "swiss"]
[EventRounds "11"]
[EventCountry "SLO"]
[SourceTitle "OM OTB B 201907"]
[Source "Opening Master"]
[SourceDate "2019.07.06"]
[SourceVersion "2"]
[SourceVersionDate "2019.07.06"]
[SourceQuality "1"]

1. e4 c5 2. Nf3 d6 3. d4 cxd4 4. Nxd4 Nf6 5. Nc3 Nc6 6. Be2 e5 7. Nb3 Be7 8.
O-O O-O 9. Be3 Be6 10. Bf3 a5 11. Nd5 Bxd5 12. exd5 Nb8 13. c4 Nbd7 14. Qd3 Rc8
15. Rac1 Re8 16. Rfe1 Bf8 17. Nd2 g6 18. a3 a4 19. b4 axb3 20. Rb1 e4 21. Bxe4
Nxe4 22. Nxe4 Ne5 23. Qxb3 Nxc4 24. Bg5 Be7 25. Bxe7 Rxe7 26. Qb4 f5 27. Nc3
Ne5 28. Nb5 Nd3 29. Qd2 Nxe1 30. Rxe1 Rxe1+ 31. Qxe1 Qe8 32. Qxe8+ Rxe8 33. Kf1
Rd8 34. Ke2 Kf7 35. Kd3 Ke7 36. Kd4 Rc8 37. Nc3 Kd7 38. a4 Re8 39. g3 Re1 40.
h3 g5 41. Kd3 Rh1 42. Ne2 Rxh3 43. Ng1 Rh1 44. Nf3 h6 45. Nd4 Rd1+ 46. Ke3 Re1+
47. Kd3 Re5 48. Kc4 h5 49. Nf3 Re4+ 50. Kd3 Rg4 51. Nd4 h4 52. gxh4 gxh4 53.
Nf3 Rxa4 54. Ng5 h3 55. Nf3 Ra3+ 56. Ke2 Rxf3 57. Kxf3 0-1

[Event "Wch U18 Girls"]
[Site "Maribor"]
[Date "2012.11.17"]
[Round "10.13"]
[White "Bezkorovaina, Marija"]
[Black "Efroimski, Marsel"]
[Result "0-1"]
[WhiteElo "2025"]
[BlackElo "2168"]
[PlyCount "78"]
[EventDate "2012.11.08"]
[EventType "swiss"]
[EventRounds "11"]
[EventCountry "SLO"]
[SourceTitle "OM OTB B 201907"]
[Source "Opening Master"]
[SourceDate "2019.07.06"]
[SourceVersion "2"]
[SourceVersionDate "2019.07.06"]
[SourceQuality "1"]

1. e4 c5 2. Nf3 d6 3. d4 cxd4 4. Nxd4 Nf6 5. Nc3 Nc6 6. Be2 e5 7. Nb3 Be7 8.
O-O O-O 9. f4 a5 10. a4 Nb4 11. Be3 Be6 12. Rf2 Rc8 13. Bf3 exf4 14. Bxf4 d5
15. e5 Ne4 16. Bxe4 dxe4 17. Qxd8 Rfxd8 18. Nxa5 Bc5 19. Nxb7 Bxf2+ 20. Kxf2
Nxc2 21. Nxd8 Nxa1 22. Nxe6 fxe6 23. Be3 Nb3 24. Bb6 Nd2 25. Bd4 Rc4 26. Ke3
Rb4 27. Nxe4 Nc4+ 28. Kd3 Nxb2+ 29. Kc3 Rc4+ 30. Kxb2 Rxd4 31. Nc5 Rc4 32. Nxe6
Rxa4 33. Nc5 Rf4 34. Kc3 Rf2 35. Kd4 Rxg2 36. e6 Kf8 37. Kd5 Ke7 38. Ne4 Rxh2
39. Ng3 g6 0-1

[Event "Wch U12"]
[Site "Maribor"]
[Date "2012.11.15"]
[Round "8.18"]
[White "Oliveira, Tiago Lopes"]
[Black "Lobanov, Sergei"]
[Result "0-1"]
[WhiteElo "1847"]
[BlackElo "2081"]
[PlyCount "108"]
[EventDate "2012.11.08"]
[EventType "swiss"]
[EventRounds "11"]
[EventCountry "SLO"]
[SourceTitle "OM OTB B 201907"]
[Source "Opening Master"]
[SourceDate "2019.07.06"]
[SourceVersion "2"]
[SourceVersionDate "2019.07.06"]
[SourceQuality "1"]

1. e4 c5 2. Nf3 d6 3. d4 cxd4 4. Nxd4 Nf6 5. Nc3 Nc6 6. Be2 e5 7. Nb3 Be7 8.
O-O O-O 9. Be3 a5 10. a4 Be6 11. Bf3 Nb4 12. Bg5 Rc8 13. Rc1 h6 14. Bxf6 Bxf6
15. g3 Qb6 16. h4 Nxc2 17. Qxc2 Qxb3 18. Qd2 Rc4 19. Be2 Rd4 20. Qe3 Rd8 21.
Rfd1 Rc8 22. Nd5 Rxd1+ 23. Bxd1 Qxb2 24. Rxc8+ Bxc8 25. Qb6 Qxb6 26. Nxb6 Be6
27. Nd5 Bxd5 28. exd5 Bd8 29. Bg4 g6 30. Bd7 f5 31. h5 Kg7 32. Kg2 Bg5 33. hxg6
Kxg6 34. Bc8 b5 35. axb5 a4 36. b6 Bd8 37. Ba6 Bxb6 38. f4 exf4 39. gxf4 Be3
40. Kf3 Bc1 41. Bd3 a3 42. Bb1 h5 43. Kg3 Bd2 44. Ba2 Be1+ 45. Kg2 Kf6 46. Bb1
h4 47. Ba2 Bd2 48. Kf3 Bc1 49. Bb3 h3 50. Kg3 Bxf4+ 51. Kxh3 Ke5 52. Kg2 Kd4
53. Kf3 Kc3 54. Ba2 Bh6 0-1

[Event "FICS rated standard game"]
[Site "FICS freechess.org"]
[Date "2012.11.13"]
[Round "?"]
[White "yvch"]
[Black "NightFury"]
[Result "0-1"]
[WhiteElo "2044"]
[BlackElo "2008"]
[PlyCount "74"]
[EventDate "2012.??.??"]

1. e4 c5 2. Nf3 d6 3. d4 cxd4 4. Nxd4 Nf6 5. Nc3 Nc6 6. Be2 e5 7. Nb3 Be6 8.
Bg5 Be7 9. Bxf6 Bxf6 10. Qd3 O-O 11. O-O-O Be7 12. g4 Rc8 13. Kb1 a6 14. h4 b5
15. Qg3 Na5 16. Nd5 Bxd5 17. Rxd5 Qc7 18. Bd3 Nc6 19. a3 Bd8 20. f4 Ne7 21.
fxe5 Nxd5 22. exd6 Nc3+ 23. bxc3 Qxc3 24. e5 a5 25. g5 a4 26. Nc1 Bb6 27. Ne2
Qc5 28. h5 b4 29. g6 bxa3 30. gxh7+ Kh8 31. Rg1 Qb4+ 32. Kc1 Bxg1 33. h6 g6 34.
e6 a2 35. Qe5+ f6 36. Qb2 Be3+ 37. Kd1 Qd2# 0-1

[Event "Wch U14"]
[Site "Maribor"]
[Date "2012.11.12"]
[Round "5.12"]
[White "Schroeder, Jan Christian"]
[Black "Pranav, Vijay"]
[Result "1/2-1/2"]
[WhiteElo "2326"]
[BlackElo "2127"]
[PlyCount "106"]
[EventDate "2012.11.08"]
[EventType "swiss"]
[EventRounds "11"]
[EventCountry "SLO"]
[SourceTitle "OM OTB B 201907"]
[Source "Opening Master"]
[SourceDate "2019.07.06"]
[SourceVersion "2"]
[SourceVersionDate "2019.07.06"]
[SourceQuality "1"]

1. e4 c5 2. Nf3 d6 3. d4 cxd4 4. Nxd4 Nc6 5. Nc3 Nf6 6. Be2 e5 7. Nf3 h6 8. h3
Be7 9. O-O O-O 10. Re1 Be6 11. Bf1 Qc7 12. Nb5 Qd7 13. c4 Rac8 14. b3 a6 15.
Nc3 Na7 16. a4 b5 17. axb5 axb5 18. Be3 Rc7 19. Nd5 Bxd5 20. cxd5 b4 21. Qd3
Rb8 22. Ra4 Nc8 23. Rc1 Rxc1 24. Bxc1 Qc7 25. Bd2 Qc5 26. Ra6 Nb6 27. Be3 Qc7
28. Bd2 Qc5 29. Ne1 Nfd7 30. Nc2 Qc7 31. Ra2 Nc5 32. Qf3 Nbd7 33. Bxb4 Nf6 34.
Bxc5 Qxc5 35. b4 Qc7 36. Qd3 Rc8 37. Ne3 Qb6 38. Nf5 Bf8 39. b5 g6 40. Ra6 Qd8
41. Ne3 Nd7 42. Qb1 Nb6 43. Qb4 Nd7 44. Rc6 Nc5 45. b6 Rb8 46. g3 Be7 47. Bg2
Ra8 48. Kh2 Qb8 49. Nc4 Kg7 50. Rc7 Na6 51. Qa5 Nxc7 52. bxc7 Qc8 53. Nb6 Qxc7
1/2-1/2

[Event "Wch U18 Girls"]
[Site "Maribor"]
[Date "2012.11.12"]
[Round "5.10"]
[White "Hakimifard, Ghazal"]
[Black "Real Pereyra, Diana Carime"]
[Result "1-0"]
[WhiteElo "2274"]
[BlackElo "2077"]
[PlyCount "95"]
[EventDate "2012.11.08"]
[EventType "swiss"]
[EventRounds "11"]
[EventCountry "SLO"]
[SourceTitle "OM OTB B 201907"]
[Source "Opening Master"]
[SourceDate "2019.07.06"]
[SourceVersion "2"]
[SourceVersionDate "2019.07.06"]
[SourceQuality "1"]

1. e4 c5 2. Nf3 d6 3. d4 cxd4 4. Nxd4 Nf6 5. Nc3 Nc6 6. Be2 e5 7. Nb3 Be7 8.
O-O O-O 9. f4 a5 10. a4 Nb4 11. Kh1 Be6 12. Be3 Rc8 13. Bf3 Bc4 14. Re1 Qc7 15.
Qd2 b6 16. Rad1 Rfd8 17. Qf2 Rb8 18. Nc1 Nd7 19. Nd3 Nc5 20. Nxc5 dxc5 21. f5
f6 22. Nd5 Qb7 23. b3 Ba6 24. c4 Nc6 25. Rd3 Nb4 26. Rc3 Nxd5 27. exd5 Qd7 28.
Be4 Bd6 29. Qh4 Qf7 30. Bc1 Qf8 31. Rh3 h6 32. Rg3 Kf7 33. Qh5+ Ke7 34. Qg6 Qf7
35. Qxg7 Rg8 36. Qxf7+ Kxf7 37. Rxg8 Rxg8 38. Bxh6 Bc8 39. Bd2 Rh8 40. g4 Rh4
41. Rg1 Bf8 42. Rg3 Bd7 43. Kg2 Be8 44. Be3 Bd7 45. Bf3 Rh8 46. Rh3 Rg8 47.
Rh7+ Ke8 48. Kf2 1-0

[Event "BUL-ch U26"]
[Site "Sofia"]
[Date "2012.11.10"]
[Round "4"]
[White "Kukov, Velislav"]
[Black "Enchev, Ivajlo"]
[Result "1/2-1/2"]
[WhiteElo "2394"]
[BlackElo "2411"]
[PlyCount "64"]
[EventDate "2012.11.07"]
[EventType "swiss"]
[EventRounds "7"]
[EventCountry "BUL"]
[SourceTitle "OM OTB B 201907"]
[Source "Opening Master"]
[SourceDate "2019.07.06"]
[SourceVersion "2"]
[SourceVersionDate "2019.07.06"]
[SourceQuality "1"]

1. e4 c5 2. Nf3 Nc6 3. d4 cxd4 4. Nxd4 Nf6 5. Nc3 d6 6. Be2 e5 7. Nb3 Be7 8.
O-O O-O 9. Be3 Be6 10. f3 d5 11. exd5 Nxd5 12. Nxd5 Qxd5 13. Qxd5 Bxd5 14. Rfd1
Rfd8 15. c3 Be6 16. Rxd8+ Rxd8 17. Rd1 Rxd1+ 18. Bxd1 f5 19. Bc5 Kf7 20. Bxe7
Kxe7 21. Kf2 Kd6 22. Nc1 g5 23. Bb3 Bxb3 24. Nxb3 h5 25. Ke3 Kd5 26. Nd2 b5 27.
Kd3 g4 28. b3 a6 29. a3 Nd8 30. c4+ bxc4+ 31. Nxc4 Nf7 32. Ne3+ Ke6 1/2-1/2

[Event "Wch U12"]
[Site "Maribor"]
[Date "2012.11.08"]
[Round "1.47"]
[White "Bratkovic, Jakob"]
[Black "Mukashev, Aminzhan"]
[Result "1-0"]
[WhiteElo "1929"]
[BlackElo "1512"]
[PlyCount "95"]
[EventDate "2012.11.08"]
[EventType "swiss"]
[EventRounds "11"]
[EventCountry "SLO"]
[SourceTitle "OM OTB B 201907"]
[Source "Opening Master"]
[SourceDate "2019.07.06"]
[SourceVersion "2"]
[SourceVersionDate "2019.07.06"]
[SourceQuality "1"]

1. e4 c5 2. Nf3 Nc6 3. d4 cxd4 4. Nxd4 Nf6 5. Nc3 d6 6. Be2 e5 7. Nb3 Be7 8.
O-O O-O 9. f4 a5 10. a4 Nb4 11. Bf3 Bd7 12. f5 d5 13. Kh1 d4 14. Ne2 Rc8 15. c3
dxc3 16. Nxc3 Qc7 17. Qe2 Rfd8 18. Be3 b6 19. Rac1 Qb7 20. Nd2 Bc5 21. Bxc5
bxc5 22. Nc4 Nc6 23. Nd6 Qb6 24. Nxc8 Rxc8 25. Nb5 Nd4 26. Nxd4 cxd4 27. Rxc8+
Bxc8 28. Rc1 Ba6 29. Qc2 h6 30. Be2 Bb7 31. Bd3 Ng4 32. h3 Ne3 33. Qd2 Bc6 34.
b3 Bb7 35. Rb1 Ba6 36. Bxa6 Qxa6 37. b4 Qc6 38. b5 Qxe4 39. Re1 Qd5 40. Rxe3 e4
41. Re1 d3 42. Qe3 Qxf5 43. Qxe4 d2 44. Qe8+ Kh7 45. Rd1 Qc2 46. Qe2 Qxa4 47.
Qxd2 Qxb5 48. Qd3+ 1-0

[Event "Pamplona Sub zt 2.3"]
[Site "Pamplona"]
[Date "2012.11.07"]
[Round "6"]
[White "Trujillo, Fernando"]
[Black "Saladen Dulce, Rafael"]
[Result "1-0"]
[WhiteElo "2026"]
[BlackElo "2213"]
[PlyCount "167"]
[EventDate "2012.11.05"]
[EventType "swiss"]
[EventRounds "9"]
[EventCountry "COL"]
[SourceTitle "OM OTB B 201907"]
[Source "Opening Master"]
[SourceDate "2019.07.06"]
[SourceVersion "2"]
[SourceVersionDate "2019.07.06"]
[SourceQuality "1"]

1. e4 c5 2. Nf3 d6 3. d4 cxd4 4. Nxd4 Nf6 5. Nc3 Nc6 6. Be2 e5 7. Nb3 Be7 8.
Be3 Be6 9. Qd2 O-O 10. f3 a5 11. Rd1 a4 12. Nc1 a3 13. b3 Qa5 14. Nb5 Qxd2+ 15.
Bxd2 d5 16. Nc7 Rac8 17. exd5 Bxd5 18. Nxd5 Nxd5 19. Bb5 Na7 20. Bc4 Rfd8 21.
c3 b5 22. Bxd5 Rxd5 23. Be3 Rxd1+ 24. Kxd1 Nc6 25. Nd3 f5 26. Kd2 Kf7 27. Rc1
Rd8 28. Ke2 h5 29. c4 b4 30. c5 Ke6 31. Rc4 Rb8 32. Bd2 Rb5 33. Nxb4 Nd4+ 34.
Kd3 Bxc5 35. Na6 Bd6 36. Bc3 Rb6 37. Bxd4 Rxa6 38. Bc3 g5 39. h3 h4 40. Bd2 Be7
41. b4 Kd5 42. Be3 Ra4 43. Bc5 Bf6 44. Bf8 Ra8 45. Rc5+ Ke6 46. Rc6+ Kf7 47.
Bc5 g4 48. b5 Rd8+ 49. Ke2 Bg5 50. Bb4 Rd5 51. Rc5 Rxc5 52. Bxc5 Be7 53. Bf2
gxf3+ 54. gxf3 Ke6 55. Kd3 Kd5 56. b6 Kc6 57. Kc4 e4 58. fxe4 fxe4 59. Be3 Bd8
60. Bc5 Bxb6 61. Bxa3 Bf2 62. Bb2 Bg3 63. Bd4 Bc7 64. Be3 Be5 65. Bg5 Bg3 66.
Kd4 Kb5 67. Kxe4 Ka4 68. Be7 Be1 69. Kf5 Bf2 70. Kg4 Be1 71. Bxh4 Bb4 72. Bg5
Be1 73. Bf4 Bb4 74. Bg5 Be1 75. Be7 Kb5 76. Bg5 Ka4 77. Bf4 Ka3 78. Bg3 Bc3 79.
h4 Kxa2 80. Kf5 Kb3 81. h5 Kc4 82. h6 Kd5 83. Bh4 Kd6 84. Bf6 1-0

[Event "FICS rated standard game"]
[Site "FICS freechess.org"]
[Date "2012.11.05"]
[Round "?"]
[White "Chumby"]
[Black "SlowBox"]
[Result "0-1"]
[WhiteElo "2215"]
[BlackElo "2215"]
[PlyCount "110"]
[EventDate "2012.??.??"]

1. e4 c5 2. Nf3 Nc6 3. d4 cxd4 4. Nxd4 Nf6 5. Nc3 d6 6. Be2 e5 7. Nf3 Be7 8.
Bg5 O-O 9. O-O Be6 10. Bxf6 Bxf6 11. Nd5 Bg5 12. c3 Bh6 13. Bc4 Na5 14. Be2 Nc6
15. Qa4 Ne7 16. Qb3 Nxd5 17. exd5 Bf5 18. Rad1 Qb6 19. Qxb6 axb6 20. Ra1 Be4
21. Rfd1 Rfc8 22. Bb5 Rc5 23. a4 Bc2 24. Re1 Rxd5 25. h3 g6 26. b4 Rc8 27. c4
Rd3 28. a5 bxa5 29. c5 Rxf3 30. gxf3 axb4 31. cxd6 b3 32. d7 Rf8 33. Rad1 Rd8
34. Rxe5 Kg7 35. Rf1 b2 36. Re8 Bg5 37. f4 Bh4 38. Ree1 f5 39. Kh2 Kf7 40. Kg2
Be4+ 41. Kg1 Bf6 42. Rd1 Bc3 43. Ba4 Bc6 44. Bxc6 bxc6 45. Kg2 Bg7 46. Rd6 c5
47. Re1 c4 48. Rc6 c3 49. Rc7 g5 50. Kf3 gxf4 51. h4 Be5 52. Rc5 Rxd7 53. Kg2
Rc7 54. Rcxe5 c2 55. Rxf5+ Kg7 0-1

[Event "Chigorin Memorial 20th"]
[Site "St Petersburg"]
[Date "2012.11.04"]
[Round "9"]
[White "Dyakov, Vladislav"]
[Black "Korchagina, Victoria"]
[Result "1-0"]
[WhiteElo "1854"]
[BlackElo "2071"]
[PlyCount "55"]
[EventDate "2012.10.27"]
[EventType "swiss"]
[EventRounds "9"]
[EventCountry "RUS"]
[SourceTitle "OM OTB B 201907"]
[Source "Opening Master"]
[SourceDate "2019.07.06"]
[SourceVersion "2"]
[SourceVersionDate "2019.07.06"]
[SourceQuality "1"]

1. e4 c5 2. Nf3 d6 3. d4 cxd4 4. Nxd4 Nf6 5. Nc3 Nc6 6. Be2 e5 7. Nb3 Be7 8.
Be3 O-O 9. O-O a5 10. a4 Nb4 11. f4 Be6 12. f5 Bd7 13. Bf3 Bc6 14. Qe2 d5 15.
exd5 Nbxd5 16. Bxd5 Nxd5 17. Nxd5 Qxd5 18. Qg4 h5 19. Qe2 Rfc8 20. Rf2 Bh4 21.
Rf3 b5 22. Rh3 bxa4 23. Rxh4 axb3 24. c4 Qd6 25. Qxh5 Kf8 26. Rd1 Qb4 27. Qh8+
Ke7 28. Bg5+ 1-0

[Event "Chigorin Memorial 20th"]
[Site "St Petersburg"]
[Date "2012.11.03"]
[Round "8"]
[White "Ulyanin, Sergei"]
[Black "Demuth, Adrien"]
[Result "0-1"]
[WhiteElo "2308"]
[BlackElo "2479"]
[PlyCount "74"]
[EventDate "2012.10.27"]
[EventType "swiss"]
[EventRounds "9"]
[EventCountry "RUS"]
[SourceTitle "OM OTB B 201907"]
[Source "Opening Master"]
[SourceDate "2019.07.06"]
[SourceVersion "2"]
[SourceVersionDate "2019.07.06"]
[SourceQuality "1"]

1. e4 c5 2. Nf3 Nc6 3. d4 cxd4 4. Nxd4 Nf6 5. Nc3 d6 6. Be2 e5 7. Nb3 Be7 8.
O-O O-O 9. f4 a5 10. a4 Nb4 11. Kh1 Be6 12. Ra3 Rc8 13. Bf3 Qb6 14. Re1 Rfd8
15. Be3 Qa6 16. f5 Bc4 17. Nd2 d5 18. exd5 Nbxd5 19. Nxd5 Nxd5 20. Bxd5 Bxd5
21. Rd3 Qc6 22. Rc3 Qxa4 23. b3 Qd7 24. Rxc8 Qxc8 25. c4 Bc6 26. Qg4 Bb4 27.
Re2 f6 28. h3 Qd7 29. Kh2 Qd3 30. Bh6 Rd7 31. Nf1 Kh8 32. Qh5 Re7 33. Be3 Qxb3
34. Qh4 Qd3 35. Ng3 a4 36. c5 Ba5 37. Rf2 Qxe3 0-1

[Event "Caen Alekhine op-A 22nd"]
[Site "Caen"]
[Date "2012.11.02"]
[Round "2"]
[White "Guliyev, Namig"]
[Black "Dumas, Charles"]
[Result "1-0"]
[WhiteElo "2538"]
[BlackElo "2020"]
[PlyCount "83"]
[EventDate "2012.11.01"]
[EventType "swiss"]
[EventRounds "7"]
[EventCountry "FRA"]
[SourceTitle "OM OTB B 201907"]
[Source "Opening Master"]
[SourceDate "2019.07.06"]
[SourceVersion "2"]
[SourceVersionDate "2019.07.06"]
[SourceQuality "1"]

1. e4 c5 2. Nf3 Nc6 3. d4 cxd4 4. Nxd4 Nf6 5. Nc3 d6 6. Be2 e5 7. Nf3 h6 8. O-O
Be7 9. Re1 O-O 10. Bf1 Be6 11. Nd5 Bxd5 12. exd5 Nb8 13. c4 Nbd7 14. Nh4 Ne8
15. Nf5 Bg5 16. Qg4 Bxc1 17. Raxc1 Kh8 18. Re3 Ndf6 19. Qh3 h5 20. Bd3 g6 21.
Nh4 Kg7 22. Rg3 e4 23. Be2 Qc8 24. Nf5+ Kh7 25. Rg5 Ng7 26. Nxd6 Qxh3 27. gxh3
b6 28. Re5 Rad8 29. Nxe4 Nxe4 30. Rxe4 Nf5 31. b4 Kg7 32. Bf1 Kf6 33. a4 Nd6
34. Ree1 Nf5 35. Bg2 Nd4 36. c5 Rfe8 37. Rxe8 Rxe8 38. Bf1 Nb3 39. Rc3 Nd2 40.
c6 Ne4 41. Rc2 Rc8 42. c7 1-0

[Event "Hamburg Seniors op 19th"]
[Site "Hamburg"]
[Date "2012.11.01"]
[Round "9"]
[White "Duemmke, Juergen"]
[Black "Hawranke, Dietrich"]
[Result "0-1"]
[WhiteElo "1922"]
[BlackElo "2053"]
[PlyCount "60"]
[EventDate "2012.10.24"]
[EventType "swiss"]
[EventRounds "9"]
[EventCountry "GER"]
[SourceTitle "OM OTB B 201907"]
[Source "Opening Master"]
[SourceDate "2019.07.06"]
[SourceVersion "2"]
[SourceVersionDate "2019.07.06"]
[SourceQuality "1"]

1. e4 c5 2. Nf3 Nc6 3. d4 cxd4 4. Nxd4 Nf6 5. Nc3 d6 6. Be2 e5 7. Nb3 Be7 8.
Be3 O-O 9. g4 Be6 10. g5 Nd7 11. Rg1 Nc5 12. Nxc5 dxc5 13. Nd5 Nd4 14. c4 b5
15. f4 exf4 16. Bxf4 Kh8 17. Qd2 bxc4 18. Nxe7 Qxe7 19. O-O-O Rfd8 20. Qe3 Qb7
21. Be5 c3 22. bxc3 Rab8 23. Bxb8 Rxb8 24. Kd2 Qb2+ 25. Ke1 Nc2+ 26. Kf2 Nxe3
27. Kxe3 Qxc3+ 28. Rd3 Qe5 29. h4 Bc4 30. Rb1 Bxd3 0-1

[Event "Chigorin Memorial 20th"]
[Site "St Petersburg"]
[Date "2012.11.01"]
[Round "6"]
[White "Dyakov, Vladislav"]
[Black "Kopasov, Evgeny"]
[Result "0-1"]
[WhiteElo "1854"]
[BlackElo "2014"]
[PlyCount "80"]
[EventDate "2012.10.27"]
[EventType "swiss"]
[EventRounds "9"]
[EventCountry "RUS"]
[SourceTitle "OM OTB B 201907"]
[Source "Opening Master"]
[SourceDate "2019.07.06"]
[SourceVersion "2"]
[SourceVersionDate "2019.07.06"]
[SourceQuality "1"]

1. e4 c5 2. Nf3 d6 3. d4 cxd4 4. Nxd4 Nf6 5. Nc3 Nc6 6. Be2 e5 7. Nb3 Be7 8.
Be3 O-O 9. O-O a5 10. a4 Nb4 11. f4 exf4 12. Bxf4 Be6 13. Nd4 Rc8 14. Nxe6 fxe6
15. Bf3 Nc6 16. Nb5 Qb6+ 17. Kh1 Ne5 18. Qe2 Nxf3 19. gxf3 Nh5 20. Be3 Qc6 21.
Nd4 Qd7 22. f4 Nxf4 23. Rxf4 Rxf4 24. Bxf4 e5 25. Nf5 exf4 26. Qg4 Kf8 27.
Qxg7+ Ke8 28. Qg8+ Bf8 29. Rd1 Rc6 30. Nd4 Rc8 31. Rf1 Qf7 32. Qg4 Qd7 33. Qxf4
Bg7 34. Nf5 Be5 35. Qg4 Kd8 36. Qg8+ Kc7 37. Qd5 Kb8 38. Qxa5 Rxc2 39. Ne3
Rxh2+ 40. Kg1 Qg7+ 0-1

[Event "Rohde op 12th"]
[Site "Sautron"]
[Date "2012.11.??"]
[Round "7"]
[White "Picard, Remi"]
[Black "Rusev, Krasimir"]
[Result "0-1"]
[WhiteElo "2114"]
[BlackElo "2549"]
[PlyCount "42"]
[EventDate "2012.10.27"]
[EventType "swiss"]
[EventRounds "9"]
[EventCountry "FRA"]
[SourceTitle "OM OTB B 201907"]
[Source "Opening Master"]
[SourceDate "2019.07.06"]
[SourceVersion "2"]
[SourceVersionDate "2019.07.06"]
[SourceQuality "1"]

1. e4 c5 2. Nf3 d6 3. d4 cxd4 4. Nxd4 Nf6 5. Nc3 Nc6 6. Be2 e5 7. Nb3 Be7 8.
O-O O-O 9. Be3 a5 10. a4 Be6 11. Qd2 Nb4 12. Bf3 Rc8 13. Rfd1 b6 14. Rac1 h6
15. g3 Ng4 16. h4 Nxe3 17. fxe3 Qd7 18. Be2 Bc4 19. Bxc4 Rxc4 20. Qe2 Rxc3 21.
bxc3 Na2 0-1

[Event "Rohde op 12th"]
[Site "Sautron"]
[Date "2012.11.??"]
[Round "3"]
[White "Henry, Florent"]
[Black "Rusev, Krasimir"]
[Result "0-1"]
[WhiteElo "1859"]
[BlackElo "2549"]
[PlyCount "48"]
[EventDate "2012.10.27"]
[EventType "swiss"]
[EventRounds "9"]
[EventCountry "FRA"]
[SourceTitle "OM OTB B 201907"]
[Source "Opening Master"]
[SourceDate "2019.07.06"]
[SourceVersion "2"]
[SourceVersionDate "2019.07.06"]
[SourceQuality "1"]

1. e4 c5 2. Nf3 d6 3. d4 Nf6 4. Nc3 cxd4 5. Nxd4 Nc6 6. Be2 e5 7. Nb3 Be7 8.
Be3 O-O 9. O-O a5 10. a4 Be6 11. f3 Nb4 12. Na2 Nxa2 13. Rxa2 d5 14. exd5 Nxd5
15. Bf2 Qc7 16. Ra1 Rfd8 17. Nd2 Bg5 18. Bd3 Nf4 19. Ra3 Nd5 20. Qe1 Be7 21.
Rb3 Bb4 22. Rxb4 Nxb4 23. Qb1 Nxd3 24. cxd3 Rac8 0-1

[Event "Bad Harzburg op 13th"]
[Site "Bad Harzburg"]
[Date "2012.10.31"]
[Round "2"]
[White "Storkebaum, Ulrike"]
[Black "Kjetzae, Johnny"]
[Result "0-1"]
[WhiteElo "1857"]
[BlackElo "2062"]
[PlyCount "73"]
[EventDate "2012.10.30"]
[EventType "swiss"]
[EventRounds "8"]
[EventCountry "GER"]
[SourceTitle "OM OTB B 201907"]
[Source "Opening Master"]
[SourceDate "2019.07.06"]
[SourceVersion "2"]
[SourceVersionDate "2019.07.06"]
[SourceQuality "1"]

1. e4 c5 2. Nf3 Nc6 3. d4 cxd4 4. Nxd4 Nf6 5. Nc3 d6 6. Be2 e5 7. Nb3 Be7 8.
Be3 O-O 9. O-O a5 10. a4 Nb4 11. f3 d5 12. exd5 Bf5 13. Bd3 Nxd3 14. cxd3 Nxd5
15. Nxd5 Qxd5 16. d4 Rfd8 17. Rc1 Be6 18. Nc5 exd4 19. Nxe6 Qxe6 20. Bd2 Qb6
21. Re1 Bf6 22. Kh1 h6 23. Rb1 Rac8 24. b4 axb4 25. Rxb4 Qc6 26. Qb1 Qc2 27.
Bf4 d3 28. Rd1 Qxb1 29. Rbxb1 Rc4 30. g3 Rxa4 31. Rxb7 Ra3 32. Kg2 Rc8 33. Kf1
Rc2 34. Bd2 Raa2 35. Ke1 Rxd2 36. Rb8+ Kh7 37. Re8 0-1